Bṛhat Hindī kośa. (Record no. 76950)

MARC details
000 -LEADER
fixed length control field 00619cam a22002411 4500
001 - CONTROL NUMBER
control field sa 68000107
003 - CONTROL NUMBER IDENTIFIER
control field DLC
005 - DATE AND TIME OF LATEST TRANSACTION
control field 20260227112420.0
008 - FIXED-LENGTH DATA ELEMENTS--GENERAL INFORMATION
fixed length control field 881102s1965 xx 000 0 hinr
010 ## - LIBRARY OF CONGRESS CONTROL NUMBER
LC control number sa 68000107
035 ## - SYSTEM CONTROL NUMBER
System control number (OCoLC)23539074
040 ## - CATALOGING SOURCE
Original cataloging agency DLC
Transcribing agency MiU
Modifying agency DLC
042 ## - AUTHENTICATION CODE
Authentication code premarc
050 00 - LIBRARY OF CONGRESS CALL NUMBER
Classification number PK1937
Item number .B75
245 00 - TITLE STATEMENT
Title Bṛhat Hindī kośa.
260 ## - PUBLICATION, DISTRIBUTION, ETC.
Place of publication, distribution, etc. [n.p.]
Date of publication, distribution, etc. [1965]
300 ## - PHYSICAL DESCRIPTION
Extent 8, 1790 p.
Dimensions 25 cm.
500 ## - GENERAL NOTE
General note Romanized.
650 #0 - SUBJECT ADDED ENTRY--TOPICAL TERM
Topical term or geographic name entry element Hindi language
Form subdivision Dictionaries.
700 1# - ADDED ENTRY--PERSONAL NAME
Personal name Prasad, Kalika.
700 1# - ADDED ENTRY--PERSONAL NAME
Personal name Sahay, Rajvallabh.
700 1# - ADDED ENTRY--PERSONAL NAME
Personal name Śrīvāstava, Mukundīlāla,
Dates associated with a name 1896-

No items available.

Powered by Koha